Ekonomika, financie a manažment podniku - rok 2015 zborník vedeckých prác pri príležitosti 75. výročia založenia Ekonomickej univerzity v Bratislave

Gespeichert in:
Bibliographische Detailangaben
Körperschaft: Ekonomická univerzita v Bratislave. Fakulta podnikového manažmentu
Weitere Verfasser: Tóth, Miroslav, 1961-, Markovič, Peter, 1974-, Grznár, Miroslav, Rajňák, Milan
Format: Buch
Sprache:Slowakisch
Englisch
Veröffentlicht: Bratislava Vydavateľstvo EKONÓM 2016
Ausgabe:1. vyd.
Schlagworte:
Tags: Tag hinzufügen
Keine Tags, Fügen Sie das erste Tag hinzu!

MARC

LEADER 00000nlm a2200000 4500
001 0223010
005 20240514123202.5
020 |a 978-80-225-4280-7 
041 0 |a slo 
041 0 |a eng 
044 |a SK 
245 1 0 |a Ekonomika, financie a manažment podniku - rok 2015  |b zborník vedeckých prác pri príležitosti 75. výročia založenia Ekonomickej univerzity v Bratislave  |c zostavovatelia/assembler: Miroslav Tóth, Peter Markovič ; vedeckí recenzenti/scientific reviewers: Miroslav Grznár, Milan Rajňák 
250 |a 1. vyd. 
264 1 |a Bratislava  |b Vydavateľstvo EKONÓM  |c 2016 
300 |a CD-ROM [800 s., 30 AH] 
610 2 0 |a hospodárstvo podnikové 
610 2 0 |a financie podnikové 
610 2 0 |a riadenie podnikové 
700 1 |a Tóth, Miroslav, 1961- 
700 1 |a Markovič, Peter, 1974- 
700 1 |a Grznár, Miroslav 
700 1 |a Rajňák, Milan 
710 2 |a Ekonomická univerzita v Bratislave. Fakulta podnikového manažmentu